| 000 | 00458nam a2200145 a 4500 | ||
|---|---|---|---|
| 001 | 000028656 | ||
| 005 | 20200930055048.0 | ||
| 008 | 110411s1994 dr 000 0 spa d | ||
| 040 |
_aDO-SdBNP _bspa _cBNPHU |
||
| 245 | 0 | 0 | _aEfectos financieros del nuevo código de trabajo /. |
| 250 | _a2a ed. | ||
| 260 |
_aSanto Domingo : _bCentro de Capacitación y Actualización Profesional (DECAPRO), _c1994. _fEditora Maxy |
||
| 300 |
_a51 p. ; _c22 cm. |
||
| 049 | _aBNPD | ||
| 999 |
_c28148 _d28148 |
||